=LDR 00000nam 2200000 4500 =001 001164 =005 20250710115404 =035 ##$$a 0010-0725000048 =007 ta =008 250710################a##########0#ind## =020 ##$$a 978-623-307-174-1 =082 ##$$a 398.209 598 =084 ##$$a 398.209 598 AYY p =100 #$$a Ayyasy, Muhammad Yahya =245 1#$$a PUKA JALAN-JALAN /$c MUHAMMAD YAHYA AYYASY =250 ##$$a Cetakan Pertama =260 ##$$a Bogor :$b Badan Pengembangan dan Pembinaan Bahasa,$c 2022 =300 ##$$a 24 hlm. : $b ilus. ; $c 29,7 cm =650 #4$$a CERITA ANAK INDONESIA-INDONESIA =650 #4$$a LITERASI-BAHAN BACAAN